[Event "GER-chT School WK GS"]
[Site "Playchess.com INT"]
[Date "2020.06.18"]
[Round "7.3"]
[White "Thanner, David"]
[Black "Winterstein, Eliah"]
[Result "1-0"]
[WhiteElo "1603"]
[BlackElo "1315"]
[PlyCount "113"]
[EventDate "2020.06.11"]
[EventType "team-swiss (blitz)"]
[EventRounds "7"]
[EventCountry "GER"]
[SourceTitle "EXT 2021"]
[Source "ChessBase"]
[SourceDate "2020.10.23"]
[SourceVersion "1"]
[SourceVersionDate "2020.10.23"]
[SourceQuality "1"]
[WhiteTeam "Tegernsee"]
[BlackTeam "Forst"]
[WhiteTeamCountry "GER"]
[BlackTeamCountry "GER"]

1. e4 e5 2. Nf3 Nc6 3. Bc4 Bc5 4. d3 Nf6 5. 0-0 0-0 6. Bg5 h6 7. Bh4 d6 8. c3 a6 9. Nbd2 Bg4 10. h3 Bh5 11. Qb3 b5 12. Bd5 Nxd5 13. Bxd8 Nxd8 14. exd5 Bg6 15. d4 Bb6 16. dxe5 dxe5 17. Nxe5 Bf5 18. Nc6 Nxc6 19. dxc6 Be6 20. Qd1 Rad8 21. Qe1 Rd6 22. Nb3 Bc4 23. Nd2 Bxf1 24. Nxf1 Rf6 25. Ne3 Rxc6 26. Nd5 Ba7 27. Qe4 Re6 28. Ne7+ Kh8 29. Qb7 Bb6 30. Nd5 f5 31. Nxc7 Bxc7 32. Qxc7 Rfe8 33. Kf1 R8e7 34. Qd8+ Re8 35. Qh4 g5 36. Qg3 f4 37. Qh2 Re2 38. b4 Kg7 39. h4 Kg6 40. hxg5 Kxg5 41. g3 fxg3 42. Qxg3+ Kf6 43. Qf3+ Kg6 44. Qd3+ R2e4 45. f3 h5 46. fxe4 Rf8+ 47. Ke2 h4 48. e5+ Kf7 49. Qd5+ Kg6 50. Qd6+ Kg7 51. Qe7+ Rf7 52. Qxh4 Rf5 53. Qg4+ Rg5 54. Qxg5+ Kf7 55. Qf6+ Kg8 56. Rg1+ Kh7 57. Qh4# 1-0

[Event "GER-chT School WK GS"]
[Site "Playchess.com INT"]
[Date "2020.06.18"]
[Round "6.3"]
[White "Winterstein, Eliah"]
[Black "Kroemer, Antonius"]
[Result "1-0"]
[WhiteElo "1315"]
[BlackElo "1451"]
[PlyCount "75"]
[EventDate "2020.06.11"]
[EventType "team-swiss (blitz)"]
[EventRounds "7"]
[EventCountry "GER"]
[SourceTitle "EXT 2021"]
[Source "ChessBase"]
[SourceDate "2020.10.23"]
[SourceVersion "1"]
[SourceVersionDate "2020.10.23"]
[SourceQuality "1"]
[WhiteTeam "Forst"]
[BlackTeam "Weimar Th"]
[WhiteTeamCountry "GER"]
[BlackTeamCountry "GER"]

1. e4 d5 2. f3 dxe4 3. fxe4 Nc6 4. Nf3 Nf6 5. Nc3 Bg4 6. h3 Bxf3 7. Qxf3 e6 8. Bc4 Nd4 9. Qd1 Bb4 10. Nb5 Nxb5 11. Bxb5+ c6 12. Bc4 Nxe4 13. c3 Bc5 14. d3 Nd6 15. d4 Bb6 16. 0-0 0-0 17. Bb3 Qh4 18. Rf4 Qg3 19. Rg4 Bxd4+ 20. cxd4 Qxg4 21. Qxg4 Rae8 22. Bh6 Nf5 23. Bc2 g6 24. Bxf8 Kxf8 25. Rd1 Nh6 26. Qf4 Nf5 27. Bxf5 exf5 28. d5 cxd5 29. Rxd5 Re1+ 30. Kh2 Re2 31. Rd8+ Kg7 32. Qd4+ Kh6 33. Rg8 g5 34. Qd6+ Kh5 35. Qd1 f4 36. Qxe2+ g4 37. Qxg4+ Kh6 38. Qh4# 1-0